Aspen Review Central Europe

Enregistré dans:
Détails bibliographiques
Format: Publication en série
Langue:anglais
Publié: Praha Aspen Institute Central Europe 2023
Tags: Ajouter un tag
Pas de tags, Soyez le premier à ajouter un tag!

MARC

LEADER 00000nas2a2200000 4500
001 0298998
005 20240202144118.4
022 |a 1805-6806 
041 0 |a eng 
044 |a CZ 
245 1 0 |a Aspen Review  |b Central Europe 
264 1 |a Praha  |b Aspen Institute Central Europe  |c 2023 
773 0 |w eu_un_cat*0183919